[Event "DVM U16 2015"]
[Site "Lingen (Ems) GER"]
[Date "2015.12.29"]
[Round "5"]
[White "Kania, Markus"]
[Black "Fieberg, Samuel"]
[Result "0-1"]
[Termination "normal"]
[Board "1.1"]
[WhiteElo "1796"]
[BlackElo "2226"]
[WhiteClock "00:01:24"]
[BlackClock "00:02:47"]
[WhiteTeam "MTV 1876 Saalfeld"]
[BlackTeam "SG Porz"]
[PlyCount "124"]
[WhiteFideId "12903736"]
[BlackFideId "12901717"]
[EventCountry "GER"]
[EventRounds "7"]
[EventType "team-swiss"]
[EventDate "2015.12.26"]

1. Nf3 {[%clk 1:30:59]} d5 {[%clk 1:30:53]} 2. d4 {[%clk 1:31:23]} Nf6 {[%clk
1:31:14]} 3. c4 {[%clk 1:31:47]} c6 {[%clk 1:31:39]} 4. cxd5 {[%clk 1:32:12]}
cxd5 {[%clk 1:31:58]} 5. Nc3 {[%clk 1:32:34]} Nc6 {[%clk 1:32:14]} 6. Bf4
{[%clk 1:32:50]} e6 {[%clk 1:32:33]} 7. e3 {[%clk 1:33:09]} Be7 {[%clk
1:32:57]} 8. Be2 {[%clk 1:33:27]} O-O {[%clk 1:33:19]} 9. O-O {[%clk 1:33:51]}
Nh5 {[%clk 1:32:12]} 10. Bg3 {[%clk 1:33:28]} Nxg3 {[%clk 1:32:02]} 11. hxg3
{[%clk 1:33:52]} a6 {[%clk 1:32:12]} 12. a3 {[%clk 1:32:45]} Bd7 {[%clk
1:30:55]} 13. Rc1 {[%clk 1:32:18]} b5 {[%clk 1:18:32]} 14. b4 {[%clk 1:26:06]}
Qb6 {[%clk 1:10:11]} 15. Nd2 {[%clk 1:14:00]} Nd8 {[%clk 1:05:46]} 16. Nb3
{[%clk 1:08:51]} Nb7 {[%clk 1:05:56]} 17. Nc5 {[%clk 1:00:31]} Bc6 {[%clk
1:05:21]} 18. Bf3 {[%clk 0:56:35]} Nd6 {[%clk 0:59:32]} 19. Ne2 {[%clk
0:49:48]} Nc4 {[%clk 0:57:31]} 20. Rc3 {[%clk 0:46:39]} a5 {[%clk 0:57:25]} 21.
Nf4 {[%clk 0:38:31]} axb4 {[%clk 0:56:58]} 22. axb4 {[%clk 0:38:54]} Ra2 {[%clk
0:52:09]} 23. Rc2 {[%clk 0:33:07]} Rfa8 {[%clk 0:51:08]} 24. Qe2 {[%clk
0:29:28]} Qa7 {[%clk 0:36:00]} 25. Nfd3 {[%clk 0:24:27]} Bf6 {[%clk 0:29:34]}
26. Rd1 {[%clk 0:20:47]} Rxc2 {[%clk 0:29:03]} 27. Qxc2 {[%clk 0:21:07]} Qa2
{[%clk 0:25:55]} 28. Qxa2 {[%clk 0:16:34]} Rxa2 {[%clk 0:26:19]} 29. Nc1 {[%clk
0:14:18]} Rd2 {[%clk 0:20:01]} 30. N1b3 {[%clk 0:12:54]} Rxd1+ {[%clk 0:15:49]}
31. Bxd1 {[%clk 0:13:17]} Bd8 {[%clk 0:10:34]} 32. Kf1 {[%clk 0:11:26]} Kf8
{[%clk 0:10:39]} 33. Ke2 {[%clk 0:11:00]} Ke7 {[%clk 0:10:58]} 34. Kd3 {[%clk
0:08:33]} Bc7 {[%clk 0:08:52]} 35. Bf3 {[%clk 0:07:01]} f5 {[%clk 0:08:53]} 36.
Kc2 {[%clk 0:03:12]} Nd6 {[%clk 0:08:16]} 37. Kd3 {[%clk 0:02:23]} Ne4 {[%clk
0:08:14]} 38. Bxe4 {[%clk 0:02:12]} dxe4+ {[%clk 0:08:35]} 39. Kd2 {[%clk
0:02:06]} Bd5 {[%clk 0:08:49]} 40. Nc1 {[%clk 0:01:46]} Bc4 {[%clk 0:08:19]}
41. Ne2 {[%clk 0:01:03]} Bd6 {[%clk 0:07:42]} 42. Nc3 {[%clk 0:25:18]} h5
{[%clk 0:38:07]} 43. Ne2 {[%clk 0:23:50]} g5 {[%clk 0:38:22]} 44. Ke1 Kf7
{[%clk 0:36:28]} 45. Nc3 {[%clk 0:20:15]} Ke7 {[%clk 0:34:17]} 46. Ne2 {[%clk
0:19:36]} Kf6 {[%clk 0:22:11]} 47. Nd7+ {[%clk 0:18:58]} Kg7 {[%clk 0:22:10]}
48. Nc5 {[%clk 0:19:09]} e5 {[%clk 0:21:24]} 49. dxe5 {[%clk 0:16:31]} Bxe5
{[%clk 0:21:43]} 50. Nd4 {[%clk 0:16:36]} Kg6 {[%clk 0:21:00]} 51. Nd7 {[%clk
0:15:08]} Bg7 {[%clk 0:18:24]} 52. Nb6 {[%clk 0:13:03]} Bd3 {[%clk 0:16:19]}
53. Nd7 {[%clk 0:09:36]} f4 {[%clk 0:10:58]} 54. gxf4 {[%clk 0:07:57]} gxf4
{[%clk 0:09:22]} 55. Ne6 {[%clk 0:06:52]} Bc3+ {[%clk 0:08:47]} 56. Kd1 {[%clk
0:07:16]} f3 {[%clk 0:07:58]} 57. gxf3 {[%clk 0:06:21]} h4 {[%clk 0:08:14]} 58.
Ndc5 {[%clk 0:05:28]} Be5 {[%clk 0:04:27]} 59. fxe4 {[%clk 0:02:02]} Bc4 {[%clk
0:02:23]} 60. f4 {[%clk 0:00:43]} h3 {[%clk 0:02:22]} 61. fxe5 {[%clk 0:00:55]}
h2 {[%clk 0:02:25]} 62. Nf4+ {[%clk 0:01:24]} Kh6 {[%clk 0:02:47]} 0-1

[Event "DVM U16 2015"]
[Site "Lingen (Ems) GER"]
[Date "2015.12.29"]
[Round "5"]
[White "Ramien, David"]
[Black "Ratay, Meike"]
[Result "1-0"]
[Termination "normal"]
[Board "1.2"]
[WhiteElo "2140"]
[BlackElo "1678"]
[WhiteClock "00:16:40"]
[BlackClock "00:10:04"]
[WhiteTeam "SG Porz"]
[BlackTeam "MTV 1876 Saalfeld"]
[PlyCount "69"]
[WhiteFideId "12948241"]
[BlackFideId "12977608"]
[EventCountry "GER"]
[EventRounds "7"]
[EventType "team-swiss"]
[EventDate "2015.12.26"]

1. Nf3 {[%clk 1:30:56]} Nf6 {[%clk 1:30:50]} 2. g3 {[%clk 1:31:21]} g6 {[%clk
1:31:06]} 3. Bg2 {[%clk 1:31:46]} Bg7 {[%clk 1:31:22]} 4. c4 {[%clk 1:31:53]}
O-O {[%clk 1:31:04]} 5. O-O {[%clk 1:32:10]} d6 {[%clk 1:30:20]} 6. d4 {[%clk
1:32:32]} Nbd7 {[%clk 1:29:15]} 7. Nc3 {[%clk 1:32:51]} c6 {[%clk 1:28:17]} 8.
e4 {[%clk 1:32:22]} e5 {[%clk 1:27:25]} 9. h3 {[%clk 1:31:10]} Nh5 {[%clk
1:20:56]} 10. Re1 {[%clk 1:21:38]} Qe8 {[%clk 1:06:56]} 11. d5 {[%clk 1:07:21]}
c5 {[%clk 1:02:48]} 12. a3 {[%clk 1:05:38]} a6 {[%clk 0:58:06]} 13. b4 {[%clk
1:03:03]} h6 {[%clk 0:48:01]} 14. bxc5 {[%clk 0:59:39]} Nxc5 {[%clk 0:47:32]}
15. Be3 {[%clk 0:59:30]} Nd7 {[%clk 0:41:13]} 16. a4 {[%clk 0:52:04]} f5 {[%clk
0:38:08]} 17. Kh2 {[%clk 0:51:54]} f4 {[%clk 0:36:51]} 18. Bc1 {[%clk 0:52:10]}
g5 {[%clk 0:34:08]} 19. g4 {[%clk 0:50:52]} Nhf6 {[%clk 0:34:13]} 20. Ba3
{[%clk 0:50:19]} Qe7 {[%clk 0:30:59]} 21. Nd2 {[%clk 0:47:04]} Nc5 {[%clk
0:25:41]} 22. Nb3 {[%clk 0:45:56]} Rd8 {[%clk 0:22:00]} 23. a5 {[%clk 0:43:43]}
Nxb3 {[%clk 0:19:39]} 24. Qxb3 {[%clk 0:43:53]} Qc7 {[%clk 0:19:35]} 25. Bf1
{[%clk 0:27:27]} Nd7 {[%clk 0:16:08]} 26. Na4 {[%clk 0:26:15]} Bf8 {[%clk
0:14:46]} 27. c5 {[%clk 0:25:32]} Kh8 {[%clk 0:13:05]} 28. cxd6 {[%clk
0:20:18]} Bxd6 {[%clk 0:13:01]} 29. Rec1 {[%clk 0:20:24]} Qb8 {[%clk 0:12:54]}
30. Rab1 {[%clk 0:17:55]} Bxa3 {[%clk 0:11:26]} 31. Qxa3 {[%clk 0:17:55]} Re8
{[%clk 0:11:08]} 32. Rc2 {[%clk 0:15:53]} Qa7 {[%clk 0:09:51]} 33. Nb6 {[%clk
0:16:03]} Nxb6 {[%clk 0:09:40]} 34. axb6 {[%clk 0:16:21]} Qb8 {[%clk 0:10:04]}
35. Rc7 {[%clk 0:16:40]} 1-0

[Event "DVM U16 2015"]
[Site "Lingen (Ems) GER"]
[Date "2015.12.29"]
[Round "5"]
[White "Balazs, Balint"]
[Black "Gröbel, Aaron"]
[Result "1-0"]
[Termination "normal"]
[Board "2.2"]
[WhiteElo "1931"]
[BlackElo "1892"]
[WhiteClock "00:05:14"]
[BlackClock "00:02:41"]
[WhiteTeam "Hagener SV"]
[BlackTeam "USV Volksbank Halle"]
[PlyCount "121"]
[WhiteFideId "12922757"]
[BlackFideId "12914851"]
[EventCountry "GER"]
[EventRounds "7"]
[EventType "team-swiss"]
[EventDate "2015.12.26"]

1. d4 {[%clk 1:30:56]} Nf6 {[%clk 1:30:54]} 2. Nc3 {[%clk 1:31:21]} d5 {[%clk
1:31:19]} 3. Bf4 {[%clk 1:30:56]} g6 {[%clk 1:31:19]} 4. Qd2 {[%clk 1:29:47]}
Bg7 {[%clk 1:31:42]} 5. f3 {[%clk 1:29:40]} O-O {[%clk 1:30:36]} 6. O-O-O
{[%clk 1:29:57]} c5 {[%clk 1:30:58]} 7. dxc5 {[%clk 1:28:34]} Nc6 {[%clk
1:30:58]} 8. e4 {[%clk 1:23:09]} d4 {[%clk 1:28:00]} 9. Nce2 {[%clk 1:15:14]}
e5 {[%clk 1:27:46]} 10. Bg5 {[%clk 1:15:08]} Qe7 {[%clk 1:25:38]} 11. Kb1
{[%clk 1:15:14]} Qxc5 {[%clk 1:25:50]} 12. Nc1 {[%clk 1:15:01]} Be6 {[%clk
1:25:13]} 13. h4 {[%clk 1:00:18]} Rfc8 {[%clk 1:19:42]} 14. Nb3 {[%clk
0:55:19]} Qb6 {[%clk 1:14:34]} 15. Bd3 {[%clk 0:53:31]} a5 {[%clk 1:12:07]} 16.
g4 {[%clk 0:49:41]} Bxb3 {[%clk 1:11:00]} 17. cxb3 {[%clk 0:49:46]} a4 {[%clk
1:11:08]} 18. bxa4 {[%clk 0:44:09]} Rxa4 {[%clk 1:09:53]} 19. Ne2 {[%clk
0:44:01]} Rca8 {[%clk 1:09:46]} 20. Nc1 {[%clk 0:43:35]} Nd7 {[%clk 1:05:38]}
21. Bc2 {[%clk 0:36:50]} R4a5 {[%clk 1:02:24]} 22. h5 {[%clk 0:34:36]} Nb4
{[%clk 1:01:17]} 23. Bb3 {[%clk 0:32:41]} Nc5 {[%clk 1:00:07]} 24. Bc4 {[%clk
0:32:26]} Na4 {[%clk 0:52:35]} 25. Ka1 {[%clk 0:24:38]} Nc5 {[%clk 0:43:57]}
26. Kb1 {[%clk 0:17:17]} Na4 {[%clk 0:36:18]} 27. Ka1 {[%clk 0:14:40]} Rc8
{[%clk 0:28:56]} 28. Bb3 {[%clk 0:09:14]} Nc5 {[%clk 0:21:05]} 29. Kb1 {[%clk
0:07:28]} Nxb3 {[%clk 0:19:27]} 30. Nxb3 {[%clk 0:07:54]} Rxa2 {[%clk 0:18:30]}
31. Be7 {[%clk 0:07:58]} Ra4 {[%clk 0:15:02]} 32. Rc1 {[%clk 0:02:20]} Nc6
{[%clk 0:14:12]} 33. Nc5 {[%clk 0:01:55]} Ra5 {[%clk 0:12:52]} 34. Nd7 {[%clk
0:02:16]} Qa6 {[%clk 0:12:10]} 35. Ba3 {[%clk 0:02:40]} Qa7 {[%clk 0:02:19]}
36. h6 {[%clk 0:02:53]} Bh8 {[%clk 0:02:15]} 37. Qg5 {[%clk 0:02:51]} Rxa3
{[%clk 0:01:10]} 38. bxa3 {[%clk 0:02:17]} Qxa3 {[%clk 0:01:39]} 39. Qd2 {[%clk
0:01:58]} Ra8 {[%clk 0:01:25]} 40. Qb2 {[%clk 0:01:28]} Qd3+ {[%clk 0:01:52]}
41. Rc2 {[%clk 0:30:16]} Qxf3 {[%clk 0:28:25]} 42. Rhc1 {[%clk 0:24:45]} Ra3
{[%clk 0:22:58]} 43. Nc5 {[%clk 0:22:42]} Ra8 {[%clk 0:11:47]} 44. Rf2 {[%clk
0:14:38]} Qxg4 {[%clk 0:11:04]} 45. Rxf7 {[%clk 0:11:57]} Kxf7 {[%clk 0:05:34]}
46. Qxb7+ {[%clk 0:11:51]} Ne7 {[%clk 0:05:38]} 47. Qxa8 {[%clk 0:12:03]} Qe2
{[%clk 0:04:25]} 48. Qa4 {[%clk 0:11:24]} Bf6 {[%clk 0:04:01]} 49. Qb3+ {[%clk
0:09:48]} Ke8 {[%clk 0:04:06]} 50. Rc2 {[%clk 0:08:22]} Qe3 {[%clk 0:02:32]}
51. Qb5+ {[%clk 0:07:11]} Kf7 {[%clk 0:02:39]} 52. Qc4+ {[%clk 0:04:30]} Ke8
{[%clk 0:03:06]} 53. Nb7 {[%clk 0:03:56]} Qa3 {[%clk 0:01:58]} 54. Qe6 {[%clk
0:03:11]} Qb4+ {[%clk 0:02:00]} 55. Rb2 {[%clk 0:03:33]} Qe1+ {[%clk 0:01:47]}
56. Ka2 {[%clk 0:03:56]} Qd1 {[%clk 0:01:21]} 57. Nd6+ {[%clk 0:04:13]} Kd8
{[%clk 0:01:42]} 58. Rb8+ {[%clk 0:04:26]} Kc7 {[%clk 0:02:10]} 59. Rb7+ {[%clk
0:04:42]} Kc6 {[%clk 0:02:29]} 60. Qd7+ {[%clk 0:05:03]} Kc5 {[%clk 0:02:41]}
61. Rb5# {[%clk 0:05:14]} 1-0

[Event "DVM U16 2015"]
[Site "Lingen (Ems) GER"]
[Date "2015.12.29"]
[Round "5"]
[White "Perekhozhuk, Maksym"]
[Black "Laubrock, Paul"]
[Result "1/2-1/2"]
[Termination "normal"]
[Board "2.3"]
[WhiteElo "1875"]
[BlackElo "1980"]
[WhiteClock "00:26:06"]
[BlackClock "00:25:31"]
[WhiteTeam "USV Volksbank Halle"]
[BlackTeam "Hagener SV"]
[PlyCount "80"]
[WhiteFideId "12914860"]
[BlackFideId "1270509"]
[EventCountry "GER"]
[EventRounds "7"]
[EventType "team-swiss"]
[EventDate "2015.12.26"]

1. e4 {[%clk 1:30:57]} d5 {[%clk 1:30:52]} 2. exd5 {[%clk 1:31:23]} Qxd5 {[%clk
1:31:15]} 3. Nc3 {[%clk 1:31:49]} Qa5 {[%clk 1:31:37]} 4. d4 {[%clk 1:32:12]}
Nf6 {[%clk 1:32:00]} 5. Bd2 {[%clk 1:32:37]} Qb6 {[%clk 1:32:22]} 6. Nge2
{[%clk 1:26:40]} Bg4 {[%clk 1:26:11]} 7. f3 {[%clk 1:21:37]} Bf5 {[%clk
1:25:59]} 8. Ng3 {[%clk 1:13:42]} Bg6 {[%clk 1:25:19]} 9. Bc1 {[%clk 1:05:10]}
Nc6 {[%clk 1:22:11]} 10. Bb5 {[%clk 1:04:19]} O-O-O {[%clk 1:20:57]} 11. Bxc6
{[%clk 1:02:07]} bxc6 {[%clk 1:19:15]} 12. Qe2 {[%clk 0:58:06]} Nd5 {[%clk
1:15:45]} 13. Nxd5 {[%clk 0:54:27]} cxd5 {[%clk 1:15:57]} 14. c3 {[%clk
0:53:55]} e6 {[%clk 1:13:35]} 15. Bf4 {[%clk 0:44:49]} Bd6 {[%clk 1:06:25]} 16.
Bxd6 {[%clk 0:43:25]} Qxd6 {[%clk 1:06:32]} 17. a4 {[%clk 0:41:21]} Rhe8 {[%clk
1:03:28]} 18. O-O {[%clk 0:38:06]} e5 {[%clk 0:58:52]} 19. Qd2 {[%clk 0:32:53]}
Rd7 {[%clk 0:52:58]} 20. dxe5 {[%clk 0:30:52]} Qb6+ {[%clk 0:49:24]} 21. Kh1
{[%clk 0:28:24]} d4 {[%clk 0:48:20]} 22. a5 {[%clk 0:23:17]} Qb5 {[%clk
0:46:17]} 23. cxd4 {[%clk 0:17:02]} Rxe5 {[%clk 0:42:46]} 24. Rfe1 {[%clk
0:15:38]} Red5 {[%clk 0:41:36]} 25. Re8+ {[%clk 0:15:21]} Rd8 {[%clk 0:41:14]}
26. Rxd8+ {[%clk 0:15:26]} Rxd8 {[%clk 0:40:26]} 27. Rd1 {[%clk 0:14:34]} Qc4
{[%clk 0:39:08]} 28. Ne2 {[%clk 0:10:53]} Re8 {[%clk 0:37:18]} 29. Nf4 {[%clk
0:10:41]} Bc2 {[%clk 0:35:33]} 30. Rc1 {[%clk 0:10:56]} g5 {[%clk 0:35:43]} 31.
Nh3 {[%clk 0:10:38]} Re2 {[%clk 0:35:47]} 32. Qxg5 {[%clk 0:08:22]} Qxd4 {[%clk
0:35:11]} 33. Qg8+ {[%clk 0:05:24]} Kb7 {[%clk 0:32:12]} 34. Ra1 {[%clk
0:05:09]} Ka6 {[%clk 0:32:26]} 35. Qb8 {[%clk 0:05:31]} Qb6 {[%clk 0:32:45]}
36. Qd8 {[%clk 0:04:40]} Qc6 {[%clk 0:27:47]} 37. Qb8 {[%clk 0:04:02]} Qb6
{[%clk 0:28:12]} 38. Qd8 {[%clk 0:04:03]} Qc6 {[%clk 0:28:20]} 39. Qb8 {[%clk
0:01:58]} Qb6 {[%clk 0:25:31]} 40. Qd8 {[%clk 0:26:06]} Qc6 1/2-1/2

[Event "DVM U16 2015"]
[Site "Lingen (Ems) GER"]
[Date "2015.12.29"]
[Round "5"]
[White "Glaser, Maximilian"]
[Black "Schulte, Felix"]
[Result "0-1"]
[Termination "normal"]
[Board "2.4"]
[WhiteElo "1759"]
[BlackElo "1813"]
[WhiteClock "00:43:13"]
[BlackClock "00:30:46"]
[WhiteTeam "Hagener SV"]
[BlackTeam "USV Volksbank Halle"]
[PlyCount "92"]
[WhiteFideId "12956961"]
[BlackFideId "12914800"]
[EventCountry "GER"]
[EventRounds "7"]
[EventType "team-swiss"]
[EventDate "2015.12.26"]

1. d4 {[%clk 1:30:58]} Nf6 {[%clk 1:30:53]} 2. Nc3 {[%clk 1:31:20]} d5 {[%clk
1:31:19]} 3. Bf4 {[%clk 1:31:33]} g6 {[%clk 1:31:35]} 4. Qd2 {[%clk 1:31:13]}
Bg7 {[%clk 1:31:53]} 5. f3 {[%clk 1:30:59]} c5 {[%clk 1:27:23]} 6. Nb5 {[%clk
1:19:20]} Na6 {[%clk 1:22:25]} 7. dxc5 {[%clk 1:19:08]} O-O {[%clk 1:20:29]} 8.
O-O-O {[%clk 1:17:43]} Bd7 {[%clk 1:11:57]} 9. Nc3 {[%clk 1:13:54]} Nxc5 {[%clk
1:08:44]} 10. Bh6 {[%clk 0:58:20]} Qa5 {[%clk 0:50:00]} 11. Bxg7 {[%clk
0:55:56]} Kxg7 {[%clk 0:50:22]} 12. e3 {[%clk 0:54:30]} b5 {[%clk 0:42:15]} 13.
a3 {[%clk 0:46:37]} Qc7 {[%clk 0:28:20]} 14. Kb1 {[%clk 0:46:21]} Rab8 {[%clk
0:24:29]} 15. Na2 {[%clk 0:43:02]} a5 {[%clk 0:23:27]} 16. Ne2 {[%clk 0:42:26]}
Rfc8 {[%clk 0:21:08]} 17. Nec1 {[%clk 0:42:24]} Qb7 {[%clk 0:16:27]} 18. Qxa5
{[%clk 0:39:29]} Na4 {[%clk 0:14:01]} 19. Bd3 {[%clk 0:36:33]} e5 {[%clk
0:12:09]} 20. Be2 {[%clk 0:22:37]} Bf5 {[%clk 0:10:16]} 21. Bd3 {[%clk
0:22:18]} e4 {[%clk 0:10:05]} 22. fxe4 {[%clk 0:22:38]} dxe4 {[%clk 0:10:34]}
23. Be2 {[%clk 0:21:49]} Nd5 {[%clk 0:10:28]} 24. Rxd5 {[%clk 0:21:15]} Qxd5
{[%clk 0:10:50]} 25. Rd1 {[%clk 0:21:26]} Qc5 {[%clk 0:09:37]} 26. c3 {[%clk
0:20:15]} Qxe3 {[%clk 0:08:53]} 27. c4 {[%clk 0:19:22]} Nxb2 {[%clk 0:04:29]}
28. Kxb2 {[%clk 0:19:28]} bxc4+ {[%clk 0:04:36]} 29. Ka1 {[%clk 0:19:22]} Ra8
{[%clk 0:04:37]} 30. Qe5+ {[%clk 0:19:27]} Kg8 {[%clk 0:05:03]} 31. g4 {[%clk
0:18:45]} Be6 {[%clk 0:05:00]} 32. Qf6 {[%clk 0:18:22]} Qxa3 {[%clk 0:04:44]}
33. Qb2 {[%clk 0:16:11]} Qxb2+ {[%clk 0:04:56]} 34. Kxb2 {[%clk 0:16:35]} Rcb8+
{[%clk 0:04:24]} 35. Kc3 {[%clk 0:15:55]} Ra3+ {[%clk 0:04:16]} 36. Kd4 {[%clk
0:15:55]} f5 {[%clk 0:02:35]} 37. Ke5 {[%clk 0:15:39]} Kf7 {[%clk 0:02:41]} 38.
gxf5 {[%clk 0:16:03]} gxf5 {[%clk 0:02:20]} 39. Rg1 {[%clk 0:14:25]} Rb5+
{[%clk 0:02:04]} 40. Kf4 {[%clk 0:14:37]} Rb2 {[%clk 0:01:08]} 41. Rg2 {[%clk
0:13:05]} Kf6 {[%clk 0:00:52]} 42. Rg3 {[%clk 0:11:05]} Raxa2 {[%clk 0:29:46]}
43. Nxa2 {[%clk 0:42:25]} Rxa2 {[%clk 0:30:15]} 44. Bd1 {[%clk 0:42:35]} Rxh2
{[%clk 0:30:00]} 45. Ke3 {[%clk 0:42:51]} Ke5 {[%clk 0:30:23]} 46. Rg1 {[%clk
0:43:13]} f4# {[%clk 0:30:46]} 0-1

[Event "DVM U16 2015"]
[Site "Lingen (Ems) GER"]
[Date "2015.12.29"]
[Round "5"]
[White "Kreyssig, Bruno"]
[Black "Ovsepyan, Arshak"]
[Result "1/2-1/2"]
[Termination "normal"]
[Board "3.1"]
[WhiteElo "2049"]
[BlackElo "2138"]
[WhiteClock "00:01:37"]
[BlackClock "00:07:00"]
[WhiteTeam "SG Leipzig"]
[BlackTeam "SK Gräfelfing"]
[PlyCount "103"]
[WhiteFideId "4692489"]
[BlackFideId "24690236"]
[EventCountry "GER"]
[EventRounds "7"]
[EventType "team-swiss"]
[EventDate "2015.12.26"]

1. e4 {[%clk 1:30:58]} Nf6 {[%clk 1:30:47]} 2. e5 {[%clk 1:31:21]} Nd5 {[%clk
1:31:12]} 3. c4 {[%clk 1:31:45]} Nb6 {[%clk 1:31:38]} 4. d4 {[%clk 1:32:10]} d6
{[%clk 1:31:54]} 5. exd6 {[%clk 1:32:31]} exd6 {[%clk 1:32:20]} 6. h3 {[%clk
1:32:54]} Be7 {[%clk 1:31:28]} 7. Nf3 {[%clk 1:32:54]} O-O {[%clk 1:31:48]} 8.
Be2 {[%clk 1:30:56]} Bf6 {[%clk 1:29:58]} 9. O-O {[%clk 1:30:45]} Bf5 {[%clk
1:30:00]} 10. Nc3 {[%clk 1:28:26]} Nc6 {[%clk 1:28:24]} 11. Be3 {[%clk
1:25:01]} d5 {[%clk 1:15:31]} 12. c5 {[%clk 1:16:01]} Nc4 {[%clk 1:10:27]} 13.
Bc1 {[%clk 1:11:50]} b6 {[%clk 0:54:33]} 14. b3 {[%clk 1:06:33]} N4a5 {[%clk
0:52:34]} 15. cxb6 {[%clk 1:03:50]} axb6 {[%clk 0:51:17]} 16. Be3 {[%clk
1:02:17]} Nb4 {[%clk 0:47:12]} 17. Rc1 {[%clk 0:54:06]} Nb7 {[%clk 0:33:31]}
18. Qd2 {[%clk 0:47:31]} c5 {[%clk 0:31:44]} 19. Na4 {[%clk 0:44:36]} Be7
{[%clk 0:19:55]} 20. dxc5 {[%clk 0:32:39]} bxc5 {[%clk 0:17:02]} 21. Nxc5
{[%clk 0:29:33]} Nxc5 {[%clk 0:14:28]} 22. Bxc5 {[%clk 0:29:25]} Nxa2 {[%clk
0:14:42]} 23. Bxe7 {[%clk 0:23:50]} Qxe7 {[%clk 0:14:36]} 24. Ra1 {[%clk
0:22:16]} Nb4 {[%clk 0:14:34]} 25. Nd4 {[%clk 0:22:14]} Be6 {[%clk 0:12:49]}
26. Rfe1 {[%clk 0:20:03]} h6 {[%clk 0:10:11]} 27. Rxa8 {[%clk 0:17:53]} Rxa8
{[%clk 0:10:36]} 28. Bg4 {[%clk 0:17:58]} Ra2 {[%clk 0:09:22]} 29. Qe3 {[%clk
0:17:16]} Nc2 {[%clk 0:05:35]} 30. Nxc2 {[%clk 0:16:29]} Rxc2 {[%clk 0:06:03]}
31. Bxe6 {[%clk 0:15:35]} fxe6 {[%clk 0:06:25]} 32. Qxe6+ {[%clk 0:15:56]} Qxe6
{[%clk 0:06:51]} 33. Rxe6 {[%clk 0:16:16]} Rc1+ {[%clk 0:07:08]} 34. Kh2 {[%clk
0:16:38]} d4 {[%clk 0:06:59]} 35. Rd6 {[%clk 0:13:18]} Rb1 {[%clk 0:06:20]} 36.
Rxd4 {[%clk 0:13:09]} Rxb3 {[%clk 0:06:45]} 37. Rf4 {[%clk 0:08:35]} Kh7 {[%clk
0:06:55]} 38. g4 {[%clk 0:06:32]} Rb6 {[%clk 0:06:18]} 39. Kg3 {[%clk 0:05:49]}
g5 {[%clk 0:06:32]} 40. Rf5 {[%clk 0:05:34]} Rb1 {[%clk 0:04:52]} 41. Rf6
{[%clk 0:04:18]} Kg7 {[%clk 0:04:42]} 42. Re6 {[%clk 0:04:15]} Rg1+ {[%clk
0:04:55]} 43. Kf3 {[%clk 0:02:31]} Rh1 {[%clk 0:05:18]} 44. Kg2 {[%clk
0:01:41]} Rc1 {[%clk 0:05:24]} 45. Re4 {[%clk 0:02:02]} Kg6 {[%clk 0:04:56]}
46. f4 {[%clk 0:01:34]} gxf4 {[%clk 0:05:19]} 47. Rxf4 {[%clk 0:01:58]} h5
{[%clk 0:05:26]} 48. Kg3 {[%clk 0:00:56]} hxg4 {[%clk 0:05:47]} 49. hxg4 {[%clk
0:01:24]} Rg1+ {[%clk 0:06:11]} 50. Kh3 {[%clk 0:01:16]} Rh1+ {[%clk 0:06:35]}
51. Kg2 {[%clk 0:01:37]} Rb1 {[%clk 0:07:00]} 52. Kg3 {[%clk 0:01:37]} 1/2-1/2

[Event "DVM U16 2015"]
[Site "Lingen (Ems) GER"]
[Date "2015.12.29"]
[Round "5"]
[White "von Schlippe, Nikolai"]
[Black "Hofmann, Timo"]
[Result "1-0"]
[Termination "normal"]
[Board "3.2"]
[WhiteElo "1970"]
[BlackElo "1776"]
[WhiteClock "00:31:09"]
[BlackClock "00:33:45"]
[WhiteTeam "SK Gräfelfing"]
[BlackTeam "SG Leipzig"]
[PlyCount "87"]
[WhiteFideId "12928135"]
[BlackFideId "12946044"]
[EventCountry "GER"]
[EventRounds "7"]
[EventType "team-swiss"]
[EventDate "2015.12.26"]

1. e4 {[%clk 1:30:45]} e6 {[%clk 1:30:52]} 2. d4 {[%clk 1:30:44]} d5 {[%clk
1:31:15]} 3. Nc3 {[%clk 1:31:00]} Bb4 {[%clk 1:31:40]} 4. Nge2 {[%clk 1:30:50]}
Nc6 {[%clk 1:31:57]} 5. e5 {[%clk 1:22:50]} Nge7 {[%clk 1:31:52]} 6. Ng3 {[%clk
1:15:12]} O-O {[%clk 1:29:12]} 7. Bg5 {[%clk 1:11:32]} f6 {[%clk 1:19:08]} 8.
exf6 {[%clk 1:09:49]} gxf6 {[%clk 1:17:27]} 9. Bh6 {[%clk 1:08:02]} Rf7 {[%clk
1:16:59]} 10. Qh5 {[%clk 0:59:47]} e5 {[%clk 1:09:22]} 11. dxe5 {[%clk
0:58:34]} fxe5 {[%clk 1:07:35]} 12. O-O-O {[%clk 0:56:48]} Bxc3 {[%clk
1:01:20]} 13. bxc3 {[%clk 0:55:34]} Qd6 {[%clk 0:59:03]} 14. Kb1 {[%clk
0:27:11]} Qg6 {[%clk 0:51:42]} 15. Qxg6+ {[%clk 0:23:19]} hxg6 {[%clk 0:51:19]}
16. c4 {[%clk 0:19:22]} d4 {[%clk 0:42:24]} 17. f3 {[%clk 0:17:57]} Nf5 {[%clk
0:33:15]} 18. Bd2 {[%clk 0:17:42]} Be6 {[%clk 0:31:35]} 19. Bd3 {[%clk
0:16:06]} Kg7 {[%clk 0:27:18]} 20. Ne4 {[%clk 0:15:20]} Nd6 {[%clk 0:24:21]}
21. Ng5 {[%clk 0:14:20]} Re7 {[%clk 0:24:19]} 22. Nxe6+ {[%clk 0:14:35]} Rxe6
{[%clk 0:24:42]} 23. Rhe1 {[%clk 0:14:33]} Rae8 {[%clk 0:23:50]} 24. c3 {[%clk
0:08:54]} Nd8 {[%clk 0:20:19]} 25. c5 {[%clk 0:04:12]} N6f7 {[%clk 0:19:34]}
26. Re4 {[%clk 0:01:59]} b6 {[%clk 0:19:01]} 27. Bc4 {[%clk 0:01:55]} R6e7
{[%clk 0:17:38]} 28. cxb6 {[%clk 0:01:17]} axb6 {[%clk 0:15:31]} 29. cxd4
{[%clk 0:01:38]} exd4 {[%clk 0:15:40]} 30. Rxd4 {[%clk 0:01:34]} c5 {[%clk
0:15:41]} 31. Rd5 {[%clk 0:01:35]} Nc6 {[%clk 0:15:20]} 32. Bc3+ {[%clk
0:01:49]} Kf8 {[%clk 0:15:06]} 33. Bb5 {[%clk 0:02:04]} Rc8 {[%clk 0:13:42]}
34. h4 {[%clk 0:00:56]} Nce5 {[%clk 0:12:22]} 35. Re1 {[%clk 0:01:02]} Nc6
{[%clk 0:11:00]} 36. h5 {[%clk 0:00:45]} Rxe1+ 37. Bxe1 gxh5 {[%clk 0:09:42]}
38. Rxh5 {[%clk 0:01:44]} Nd4 {[%clk 0:09:56]} 39. Bc4 {[%clk 0:01:18]} b5
{[%clk 0:08:47]} 40. Bd5 {[%clk 0:01:15]} Re8 {[%clk 0:04:10]} 41. Bf2 {[%clk
0:00:40]} Re2 {[%clk 0:03:31]} 42. Bxd4 {[%clk 0:00:45]} cxd4 {[%clk 0:03:44]}
43. Rf5 {[%clk 0:30:44]} Re7 {[%clk 0:33:45]} 44. Rxf7+ {[%clk 0:31:09]} 1-0